Δοκίμια ψυχολογίας της θρησκείας
Αποθηκεύτηκε σε:
| Κύριος συγγραφέας: | |
|---|---|
| Μορφή: | Βιβλίο |
| Γλώσσα: | Greek |
| Δημοσίευση: |
Αθήνα :
Εξάντας,
c2004.
|
| Σειρά: | Προσεγγίσεις ;
4 |
| Θέματα: | |
| Ετικέτες: |
Προσθήκη ετικέτας
Δεν υπάρχουν, Καταχωρήστε ετικέτα πρώτοι!
|
MARC
| LEADER | 00000nam a2200000 a 4500 | ||
|---|---|---|---|
| 001 | 1/126971 | ||
| 008 | 230706s2004####gr | ||| |||| ||gre|| | ||
| 020 | |a 9602565926 | ||
| 040 | |a GR-MyUa |b gre |c GR-MyUa |e AACR2 | ||
| 041 | 0 | |a gre | |
| 082 | 7 | |a 200.19 |2 (23) | |
| 100 | 1 | |a Μπέγζος, Μάριος Π., |d 1951- | |
| 245 | 1 | 0 | |a Δοκίμια ψυχολογίας της θρησκείας / |c Μάριος Μπέγζος. |
| 260 | |a Αθήνα : |b Εξάντας, |c c2004. | ||
| 300 | |a 112 σ. ; |c 20 εκ. | ||
| 490 | 1 | |a (Προσεγγίσεις ; |v 4) | |
| 504 | |a Βιβλιογραφία: σ. 109-112. | ||
| 650 | 0 | |a Psychology, Religious. | |
| 650 | 0 | |a Psychology and religion. | |
| 830 | 0 | |a Προσεγγίσεις ; |v 4 | |
| 852 | |a INST |b SYROS |e 20230706 |h 200.19 ΜΠΕ |p 005500016018 |q 005500016018 |t BK |y 0 | ||
| 970 | |a Κοντού |b Παρασκευή |z 06/07/2023 | ||